UBT Library

Clinical pharmacology in dental practice / (Record no. 41135)

000 -LEADER
fixed length control field 00670pam a2200229 a 4500
001 - CONTROL NUMBER
control field 3368000
005 - DATE AND TIME OF LATEST TRANSACTION
control field 20180129042126.0
008 - FIXED-LENGTH DATA ELEMENTS--GENERAL INFORMATION
fixed length control field 870630s1988 moua b 001 0 eng c
010 ## - LIBRARY OF CONGRESS CONTROL NUMBER
LC control number 87020246
020 ## - INTERNATIONAL STANDARD BOOK NUMBER
International Standard Book Number 0801622603 (pbk.)
040 ## - CATALOGING SOURCE
Original cataloging agency DNLM/DLC
Transcribing agency DLC
Modifying agency DLC
041 ## - LANGUAGE CODE
Language code of text/sound track or separate title eng
060 ## - NATIONAL LIBRARY OF MEDICINE CALL NUMBER
Classification number QV 50 C641
080 ## - UNIVERSAL DECIMAL CLASSIFICATION NUMBER
Universal Decimal Classification number 615.10246176 hor
082 00 - DEWEY DECIMAL CLASSIFICATION NUMBER
Classification number 615.10246176 hor
Edition number 19
100 ## - Rafti
Rafti 5
101 ## - Shkurtesa
Shkurtesa pha
245 00 - TITLE STATEMENT
Title Clinical pharmacology in dental practice /
Statement of responsibility, etc [edited by] Sam V. Holroyd, Richard L. Wynn, Barbara Requa-Clark.
504 ## - BIBLIOGRAPHY, ETC. NOTE
Bibliography, etc Includes bibliographies and index.
906 ## - LOCAL DATA ELEMENT F, LDF (RLIN)
a 7
b cbc
c orignew
d 1
e ocip
f 19
g y-gencatlg
942 ## - ADDED ENTRY ELEMENTS (KOHA)
Source of classification or shelving scheme
Item type Books
Holdings
Withdrawn status Lost status Source of classification or shelving scheme Damaged status Not for loan Collection code Permanent location Current location Shelving location Date acquired Total Checkouts Full call number Barcode Date last seen Price effective from Koha item type
          Koleksioni i përgjithshem UBT - Lipjan UBT - Lipjan Koleksioni i përgjithshem 01/29/2018   615.10246176 hor 002-2997001 01/29/2018 01/29/2018 Books
UBT Library © 2015-2024. All rights reserved University Education for Business and Technology